000
00206 a2200097 4500
001
18942
100
_a
Ghoosh B N
245
_a
Hygienic & Public health
260
_a
_b
Pub co
_c
1948
090
_c
14030
_d
14030
942
_a
NUST-CAE
_c
M
_c
4482
999
_c
254015
_d
254015